[Event "?"]
[Site "?"]
[Date "1997.08.09"]
[Round "1"]
[White "Ask, Josef"]
[Black "Hiebel, Johannes"]
[Result "0-1"]
[WhiteElo "2050"]
[BlackElo "2305"]
[PlyCount "54"]

1. e4 e6 2. d4 d5 3. Nc3 Nf6 4. e5 Nfd7 5. Nce2 c5 6. c3 Nc6 7. a3 Qb6 8. Nf3
Be7 9. Nf4 cxd4 10. cxd4 g5 11. Nh5 g4 12. Ng7+ Kf8 13. Bh6 Kg8 14. Nh5 f5 15.
Nf4 Kf7 16. b4 gxf3 17. Qxf3 Nf8 18. Qh5+ Ng6 19. Rd1 Bd7 20. g4 Nxd4 21. Bd3
Nf3+ 22. Kf1 Bh4 23. Nh3 Nfxe5 24. gxf5 exf5 25. Kg2 d4 26. Rhe1 Qc6+ 27. f3
Bxe1 0-1

[Event "?"]
[Site "?"]
[Date "1997.08.09"]
[Round "1"]
[White "Schaller, Sven"]
[Black "Welin, Mats"]
[Result "0-1"]
[WhiteElo "2315"]
[BlackElo "2160"]
[PlyCount "73"]

1. Nf3 Nf6 2. c4 e6 3. g3 b6 4. Bg2 Bb7 5. O-O Be7 6. b3 O-O 7. Bb2 d5 8. d3 c5
9. Nbd2 Nc6 10. Rc1 Nd7 11. cxd5 exd5 12. Re1 Bf6 13. Qc2 Rc8 14. Bh3 Rc7 15.
d4 Re8 16. a3 Ncb8 17. dxc5 Nxc5 18. Bxf6 Qxf6 19. Qf5 Qh6 20. Qf4 Qxf4 21.
gxf4 Rce7 22. b4 Ne4 23. Nxe4 dxe4 24. Nd4 e3 25. Nf5 exf2+ 26. Kxf2 Re6 27.
Rc7 Be4 28. b5 Rf6 29. Ne7+ Kf8 30. Rd1 Rxf4+ 31. Kg3 g5 32. Rxa7 h5 33. Bc8
Rxe7 34. Rd8+ Re8 35. Rxe8+ Kxe8 36. h4 Rxh4 37. Bh3 0-1

[Event "?"]
[Site "?"]
[Date "1997.08.09"]
[Round "1"]
[White "Lehmann, Holger"]
[Black "Moberg, Karl Johan"]
[Result "0-1"]
[WhiteElo "2160"]
[BlackElo "2320"]
[PlyCount "58"]

1. d4 Nf6 2. c4 g6 3. Nc3 d5 4. cxd5 Nxd5 5. g3 Bg7 6. Bg2 Nxc3 7. bxc3 c5 8.
e3 Qa5 9. Bd2 O-O 10. Ne2 Nc6 11. O-O Bd7 12. a4 Rac8 13. Nc1 Qa6 14. Nb3 b6
15. a5 Nxa5 16. Nxc5 bxc5 17. c4 cxd4 18. Rxa5 Qb6 19. exd4 Rxc4 20. d5 Rfc8
21. Ra2 Bd4 22. Qf3 Bg4 23. Qd3 Bf5 24. Qa3 Bb1 25. Ra1 Bxa1 26. Qxa1 Be4 27.
Bh6 Qf6 28. Qxa7 Bxg2 29. Kxg2 g5 0-1

[Event "?"]
[Site "?"]
[Date "1997.08.09"]
[Round "1"]
[White "Forchert, Martin"]
[Black "Feiff, Terry"]
[Result "1-0"]
[WhiteElo "2340"]
[BlackElo "2195"]
[PlyCount "102"]

1. e4 c5 2. Nf3 Nc6 3. d4 cxd4 4. Nxd4 e5 5. Nb5 d6 6. N1c3 a6 7. Na3 b5 8. Nd5
Nge7 9. c4 Nd4 10. cxb5 Nxd5 11. exd5 Bd7 12. Be3 Be7 13. Bd3 Nxb5 14. Nxb5
axb5 15. O-O O-O 16. Qb3 Qa5 17. Rfc1 Rfc8 18. a3 Bd8 19. Kf1 Bb6 20. Rxc8+
Rxc8 21. Qb4 Qa7 22. Bxb6 Qxb6 23. a4 Ra8 24. a5 Qc7 25. Qa3 f5 26. a6 Qb6 27.
a7 Kf7 28. Qa6 Qxa6 29. Rxa6 Ke7 30. f3 Bc8 31. Ra3 Bd7 32. g4 g6 33. gxf5 gxf5
34. Ra6 Bc8 35. Ra1 Bd7 36. Ke2 Kd8 37. Kd2 Kc7 38. Rg1 Rxa7 39. Rg7 Kb6 40.
Rxh7 f4 41. h4 Be8 42. Rh8 Bf7 43. h5 Bxd5 44. h6 Bxf3 45. h7 Rxh7 46. Rxh7 Kc5
47. Rc7+ Bc6 48. b4+ Kd5 49. Be4+ Kxe4 50. Rxc6 d5 51. Rc5 Kd4 1-0

[Event "?"]
[Site "?"]
[Date "1997.08.09"]
[Round "1"]
[White "Cankulovski, Bojko"]
[Black "Fries-Nielsen, Jens Ove"]
[Result "0-1"]
[WhiteElo "2210"]
[BlackElo "2415"]
[PlyCount "71"]

1. d4 d5 2. Nf3 Nc6 3. Bf4 Bg4 4. e3 e6 5. c4 Bd6 6. Bxd6 Qxd6 7. Qa4 Bxf3 8.
gxf3 dxc4 9. Nc3 Nge7 10. Bxc4 O-O 11. Ne4 Qd8 12. O-O-O Nd5 13. Rdg1 Nb6 14.
Qb5 Nxc4 15. Qxc4 Qe7 16. f4 Rad8 17. Rg5 f6 18. Rb5 Rf7 19. b4 Rb8 20. Nc5 Nd8
21. Nd3 b6 22. Rh5 a5 23. bxa5 Nb7 24. axb6 cxb6 25. Kb1 Nd6 26. Qb4 g6 27. Rg1
Rc8 28. Rh3 Rc4 29. Qa3 Qd8 30. Rc1 Rfc7 31. f5 Rxc1+ 32. Nxc1 Nc4 33. Qb4 Qd5
34. Rg3 Qxf5+ 35. Ka1 Nxe3 36. Nb3 0-1

[Event "Manhem IM Swiss 1997"]
[Site "?"]
[Date "1997.08.09"]
[Round "1"]
[White "Thoren, Per"]
[Black "Ziegler, Ari"]
[Result "0-1"]
[WhiteElo "2225"]
[BlackElo "2440"]
[PlyCount "48"]

1. e4 c5 2. Nf3 d6 3. d4 cxd4 4. Nxd4 Nf6 5. Nc3 a6 6. Bc4 e6 7. Bb3 Nbd7 8. f4
Nc5 9. O-O Qc7 10. e5 dxe5 11. fxe5 Qxe5 12. Bf4 Qh5 13. Qd2 Be7 14. Rae1 Nxb3
15. axb3 Qc5 16. Kh1 O-O 17. Re5 Qb4 18. Rg5 Rd8 19. Rxg7+ Kxg7 20. Be5 Kf8 21.
Qf2 Ke8 22. Ne4 Rxd4 23. Nxf6+ Bxf6 24. Bxf6 Rd7 0-1

[Event "?"]
[Site "?"]
[Date "1997.08.09"]
[Round "1"]
[White "Berg, Klaus"]
[Black "Andersson, Goran"]
[Result "1-0"]
[WhiteElo "2410"]
[BlackElo "2200"]
[PlyCount "73"]

1. e4 c5 2. Nc3 e6 3. g3 d5 4. exd5 exd5 5. Bg2 Nf6 6. Nge2 d4 7. Ne4 Nxe4 8.
Bxe4 Nd7 9. O-O Nf6 10. Bg2 Bd6 11. c3 O-O 12. cxd4 cxd4 13. d3 Qb6 14. Qb3
Qxb3 15. axb3 Be5 16. Bf4 Bxf4 17. Nxf4 Rd8 18. h4 a6 19. Rfe1 Rb8 20. Rac1 Kf8
21. Rc7 Rd7 22. Rec1 Rd8 23. Re1 Rd7 24. Rc4 Rd6 25. Re5 Bd7 26. Rc7 Rb6 27. g4
Nxg4 28. Rd5 Bc6 29. Rxd4 Rxb3 30. Ne6+ fxe6 31. Rxg4 Rxd3 32. Rgxg7 Rbd8 33.
Bxc6 bxc6 34. Rxh7 Kg8 35. h5 R8d5 36. Rcg7+ Kf8 37. h6 1-0

[Event "?"]
[Site "?"]
[Date "1997.08.09"]
[Round "1"]
[White "Pisulinski, Jan"]
[Black "Barth, Norbert"]
[Result "1/2-1/2"]
[WhiteElo "2385"]
[BlackElo "2195"]
[PlyCount "46"]

1. d4 e6 2. c4 Nf6 3. Nc3 Bb4 4. Qc2 O-O 5. Bg5 h6 6. Bh4 b6 7. e4 Bb7 8. Bd3
Bxc3+ 9. bxc3 d6 10. f4 Qe8 11. Nf3 Nfd7 12. O-O e5 13. fxe5 dxe5 14. Bg3 Nc6
15. Rab1 Ba6 16. c5 Bxd3 17. Qxd3 bxc5 18. Qa6 Nd8 19. Bxe5 Nxe5 20. Nxe5 cxd4
21. cxd4 f6 22. Qc4+ Qe6 23. Qc5 Qd6 1/2-1/2

[Event "?"]
[Site "?"]
[Date "1997.08.09"]
[Round "1"]
[White "Kretz, Johan"]
[Black "Pribyl, Martin"]
[Result "1-0"]
[WhiteElo "2195"]
[BlackElo "2335"]
[PlyCount "73"]

1. d4 Nf6 2. c4 g6 3. Nc3 d5 4. cxd5 Nxd5 5. e4 Nxc3 6. bxc3 Bg7 7. Be3 c5 8.
Rc1 Qa5 9. Qd2 O-O 10. Nf3 e6 11. Bh6 cxd4 12. Bxg7 Kxg7 13. cxd4 Qxd2+ 14.
Kxd2 Nc6 15. Ke3 Bd7 16. Rb1 Na5 17. Ne5 Ba4 18. Nc4 Nxc4+ 19. Bxc4 Rac8 20.
Rhc1 b5 21. Bd3 a6 22. e5 a5 23. Rc5 Rxc5 24. dxc5 b4 25. Be4 f5 26. Bb7 f4+
27. Kf3 Bc2 28. Rc1 b3 29. axb3 Bxb3 30. Ke4 Rf7 31. c6 Bd5+ 32. Kd4 a4 33. Rc3
f3 34. gxf3 Rf4+ 35. Kc5 Kh6 36. Kb5 a3 37. Rxa3 1-0

[Event "?"]
[Site "?"]
[Date "1997.08.09"]
[Round "1"]
[White "Wolf, Ulrich"]
[Black "Czerwonski, Alexander"]
[Result "0-1"]
[WhiteElo "2200"]
[BlackElo "2405"]
[PlyCount "104"]

1. e4 d6 2. d4 Nf6 3. Nc3 g6 4. g3 Bg7 5. Bg2 O-O 6. Nge2 e5 7. h3 Nc6 8. Be3
exd4 9. Nxd4 Bd7 10. O-O Re8 11. Qd2 Qc8 12. Nxc6 bxc6 13. Kh2 Re5 14. f3 c5
15. Rae1 Rb8 16. b3 Re8 17. Nd5 Nxd5 18. exd5 Qa6 19. c4 Qa3 20. Qf2 a5 21. Bc1
Qb4 22. Bd2 Bc3 23. Bxc3 Qxc3 24. Rc1 Qb4 25. g4 Re7 26. Rfe1 Rbe8 27. Rxe7
Rxe7 28. Qc2 a4 29. Qd3 a3 30. Qd1 Qb8 31. Kg1 Qf8 32. Qd2 Qg7 33. Kf2 g5 34.
Rc3 h6 35. Bf1 Qf6 36. Re3 Rxe3 37. Qxe3 Qa1 38. Qd2 Kg7 39. Be2 Kf6 40. Bd1
Qe5 41. Kg2 h5 42. gxh5 Qb2 43. Qf2 Bxh3+ 44. Kg3 Qxf2+ 45. Kxf2 Bf5 46. Ke3
Kg7 47. Kd2 Kh6 48. Kc3 Bb1 49. f4 gxf4 50. Kd2 Kg5 51. Ke1 Be4 52. Kf2 f5 0-1

[Event "?"]
[Site "?"]
[Date "1997.08.10"]
[Round "2"]
[White "Czerwonski, Alexander"]
[Black "Kretz, Johan"]
[Result "1/2-1/2"]
[WhiteElo "2405"]
[BlackElo "2195"]
[PlyCount "77"]

1. d4 d5 2. c4 dxc4 3. Nf3 c5 4. Nc3 e6 5. e4 cxd4 6. Qxd4 Qxd4 7. Nxd4 a6 8.
Bxc4 Bd7 9. Be3 Nf6 10. f3 Nc6 11. Nxc6 Bxc6 12. Kf2 Rc8 13. Rac1 Nd7 14. Rhd1
Bc5 15. Bxc5 Nxc5 16. b4 Nd7 17. b5 axb5 18. Nxb5 Ke7 19. Na7 Ra8 20. Nxc6+
bxc6 21. Rb1 Rhb8 22. Rxb8 Rxb8 23. Rd2 Rb4 24. Be2 Ra4 25. Ke3 e5 26. Rc2 Kd6
27. Bc4 f6 28. Rd2+ Kc5 29. Bg8 Ra3+ 30. Ke2 Nb6 31. Rc2+ Kb5 32. Bxh7 c5 33.
Rb2+ Kc6 34. Bg6 c4 35. Be8+ Kc7 36. Bf7 Kc6 37. Be8+ Kc7 38. Bf7 Kc6 39. Be8+
1/2-1/2

[Event "?"]
[Site "?"]
[Date "1997.08.10"]
[Round "2"]
[White "Pribyl, Martin"]
[Black "Wolf, Ulrich"]
[Result "1-0"]
[WhiteElo "2355"]
[BlackElo "2200"]
[PlyCount "53"]

1. Nf3 c5 2. c4 b6 3. g3 Bb7 4. Bg2 e6 5. O-O Nf6 6. b3 Be7 7. Bb2 a6 8. Nc3
O-O 9. e3 Qc7 10. d4 cxd4 11. Nxd4 d6 12. e4 Nbd7 13. Qe2 Rac8 14. Rad1 Qb8 15.
g4 Ne5 16. g5 Nfd7 17. f4 Nc6 18. Nxc6 Bxc6 19. Nd5 Bd8 20. Qh5 exd5 21. exd5
Ba8 22. Bxg7 Kxg7 23. Qh6+ Kg8 24. Be4 f5 25. g6 Nf6 26. Bxf5 Re8 27. Rde1 1-0

[Event "?"]
[Site "?"]
[Date "1997.08.10"]
[Round "2"]
[White "Berg, Emanuel"]
[Black "Karason, Askell"]
[Result "1/2-1/2"]
[WhiteElo "2285"]
[BlackElo "2305"]
[PlyCount "69"]

1. e4 c5 2. Nf3 Nc6 3. d4 cxd4 4. Nxd4 g6 5. Nc3 Bg7 6. Nb3 Nf6 7. Be2 O-O 8.
O-O d6 9. Bg5 Be6 10. f4 b5 11. a3 Rb8 12. Kh1 Bc4 13. Bd3 a5 14. a4 b4 15. Nb5
Bxb3 16. cxb3 Nd7 17. Qe2 Nd4 18. Nxd4 Bxd4 19. Bc4 Bf6 20. Bxf6 exf6 21. Rad1
Qe7 22. Rd5 Nc5 23. e5 dxe5 24. fxe5 f5 25. Qe3 Rbc8 26. Rfd1 Rc7 27. Qh6 Rd7
28. Qe3 Rxd5 29. Rxd5 Rc8 30. h3 Rc7 31. Qd4 Ne6 32. Qd2 Nc5 33. Qd4 Ne6 34.
Qd2 Nc5 35. Qd4 1/2-1/2

[Event "?"]
[Site "?"]
[Date "1997.08.10"]
[Round "2"]
[White "Feiff, Terry"]
[Black "Schaller, Sven"]
[Result "1/2-1/2"]
[WhiteElo "2195"]
[BlackElo "2315"]
[PlyCount "85"]

1. e4 c5 2. Nf3 d6 3. Bb5+ Bd7 4. Bxd7+ Qxd7 5. O-O Nf6 6. Re1 Nc6 7. c3 e6 8.
d4 cxd4 9. cxd4 d5 10. e5 Ng8 11. b3 Rc8 12. Ba3 Bxa3 13. Nxa3 a6 14. Qd2 Nge7
15. Nc2 O-O 16. Ne3 Ng6 17. Ng4 Qe7 18. Rac1 h5 19. Ne3 Qb4 20. Qd1 Nf4 21. g3
Nxd4 22. Qxd4 Ne2+ 23. Rxe2 Rxc1+ 24. Kg2 Qxd4 25. Nxd4 Rfc8 26. Rc2 R1xc2 27.
Nexc2 Kf8 28. Kf1 Ke7 29. Ke2 Kd7 30. f4 g6 31. Kd2 Rc7 32. Ne1 Ke7 33. Nd3 Ke8
34. h3 Ke7 35. Nf2 Rc8 36. Nd1 Ke8 37. Ne3 Ke7 38. Nec2 Kd7 39. Kd3 Kc7 40. Kd2
Kd7 41. Ne3 Ke7 42. a4 Kd7 43. Nf3 1/2-1/2

[Event "?"]
[Site "?"]
[Date "1997.08.10"]
[Round "2"]
[White "Franz, Karsten"]
[Black "Berg, Klaus"]
[Result "1/2-1/2"]
[WhiteElo "2225"]
[BlackElo "2410"]
[PlyCount "130"]

1. Nf3 Nf6 2. g3 d5 3. Bg2 c6 4. O-O Bg4 5. d3 Nbd7 6. Nbd2 e5 7. e4 Bd6 8. c3
O-O 9. Qc2 a5 10. Re1 Re8 11. Nf1 Qc7 12. Ne3 Bh5 13. Nh4 dxe4 14. dxe4 a4 15.
Nhf5 Bf8 16. h3 Nc5 17. Bd2 Red8 18. g4 Bg6 19. Red1 Nfd7 20. Bf1 Ne6 21. Ng2
f6 22. b4 axb3 23. axb3 Rxa1 24. Rxa1 Bf7 25. b4 Nb6 26. Qc1 c5 27. Be3 g6 28.
bxc5 Nxc5 29. Ng3 Nc4 30. Qb1 Nxe3 31. Nxe3 Nb3 32. Ra4 Nd2 33. Qb2 Nxf1 34.
Ngxf1 Qc6 35. Qa1 Bb3 36. Ra8 Rxa8 37. Qxa8 Be6 38. Qd8 Qxe4 39. Qxf6 Bf7 40.
Nd2 Qd3 41. Nf3 Bg7 42. Qe7 Qxc3 43. Qxb7 h6 44. g5 h5 45. Qe7 Qa1+ 46. Kg2 Qa8
47. Kg3 Qe4 48. Kg2 Qf4 49. Nd5 Qe4 50. Nf6+ Bxf6 51. gxf6 Qf5 52. Qxe5 Qxe5
53. Nxe5 Bd5+ 54. Kg3 g5 55. f4 h4+ 56. Kg4 gxf4 57. Kxf4 Be6 58. Nf3 Bxh3 59.
Nxh4 Be6 60. Ke5 Ba2 61. Nf3 Kf7 62. Ng5+ Kg6 63. Ne4 Bb3 64. Nc5 Ba2 65. Nd7
Kf7 1/2-1/2

[Event "?"]
[Site "?"]
[Date "1997.08.10"]
[Round "2"]
[White "Welin, Mats"]
[Black "Forchert, Martin"]
[Result "1-0"]
[WhiteElo "2160"]
[BlackElo "2340"]
[PlyCount "55"]

1. e4 Nf6 2. e5 Nd5 3. d4 d6 4. Nf3 Bg4 5. Be2 c6 6. Ng5 Bf5 7. Bd3 Bxd3 8.
Qxd3 dxe5 9. dxe5 e6 10. O-O Nd7 11. Re1 Qc7 12. Nf3 O-O-O 13. a3 h6 14. b4 g5
15. Qe4 Bg7 16. Bb2 Rhg8 17. Nbd2 N5b6 18. Nb3 Na4 19. Bd4 Kb8 20. c4 c5 21.
bxc5 Qc6 22. Qe3 Bf8 23. Rab1 Ndxc5 24. Na5 Qa6 25. Rb5 Rc8 26. Nd2 Rc7 27.
Reb1 Be7 28. Ne4 1-0

[Event "?"]
[Site "?"]
[Date "1997.08.10"]
[Round "2"]
[White "Lehmann, Holger"]
[Black "Thoren, Per"]
[Result "0-1"]
[WhiteElo "2160"]
[BlackElo "2225"]
[PlyCount "47"]

1. d4 Nf6 2. c4 c5 3. d5 b5 4. cxb5 a6 5. bxa6 g6 6. Nc3 Bxa6 7. g3 d6 8. Bg2
Bg7 9. Nh3 Nbd7 10. f4 O-O 11. O-O Qa5 12. Nf2 Rfb8 13. Re1 Nb6 14. e4 Nc4 15.
Qc2 Ne8 16. Nfd1 Ra7 17. Kh1 Nc7 18. Ne3 Nxb2 19. Bxb2 Rxb2 20. Qxb2 Rb7 21.
Qf2 Bxc3 22. Rac1 Bxe1 23. Rxe1 Rb2 24. Qf3 0-1

[Event "?"]
[Site "?"]
[Date "1997.08.10"]
[Round "2"]
[White "Akesson, Joel"]
[Black "Ask, Josef"]
[Result "0-1"]
[WhiteElo "2215"]
[BlackElo "2050"]
[PlyCount "54"]

1. d4 Nf6 2. c4 g6 3. Nc3 Bg7 4. e4 d6 5. f4 O-O 6. Nf3 c5 7. d5 e6 8. Be2 exd5
9. exd5 Bf5 10. O-O Ne4 11. Nxe4 Bxe4 12. Ng5 Bf5 13. g4 Bc8 14. f5 Nd7 15. Ne4
Qe7 16. Bd3 Bd4+ 17. Kh1 f6 18. Bh6 Rf7 19. g5 gxf5 20. Rxf5 Kh8 21. Qf1 b5 22.
Re1 Ne5 23. Rxf6 Bg4 24. Be2 Bxe2 25. Rxe2 bxc4 26. Nxd6 Qxd6 27. Rxf7 Qxd5+
0-1

[Event "?"]
[Site "?"]
[Date "1997.08.11"]
[Round "3"]
[White "Forchert, Martin"]
[Black "Andersson, Goran"]
[Result "0-1"]
[WhiteElo "2340"]
[BlackElo "2200"]
[PlyCount "90"]

1. e4 c5 2. Nf3 e6 3. d4 cxd4 4. Nxd4 Nf6 5. Nc3 d6 6. Bb5+ Bd7 7. Qe2 a6 8.
Bxd7+ Nbxd7 9. g4 Qb6 10. Nb3 Nc5 11. Be3 Qc7 12. Bd4 b5 13. g5 Nfd7 14. O-O-O
Be7 15. h4 O-O 16. Rdg1 b4 17. Nd1 a5 18. Nd2 a4 19. Rg3 Rfc8 20. Ne3 b3 21. a3
Ne5 22. Bxc5 Qxc5 23. f4 Nc6 24. c3 Nd4 25. Qd3 Nb5 26. Ng4 Nxc3 27. bxc3 Qxa3+
28. Kd1 Qa1+ 29. Nb1 a3 30. Nf6+ Bxf6 31. gxf6 g6 32. Ke2 a2 33. h5 Qb2+ 34.
Nd2 a1=Q 35. Rxa1 Rxa1 36. hxg6 hxg6 37. e5 Qc2 38. exd6 Qxd3+ 39. Rxd3 b2 40.
c4 b1=Q 41. Nxb1 Rxb1 42. Rc3 Rc5 43. f5 Rb7 44. Ke3 e5 45. Ke4 Rd7 0-1

[Event "?"]
[Site "?"]
[Date "1997.09.11"]
[Round "3"]
[White "Ask, Josef"]
[Black "Berg, Emanuel"]
[Result "0-1"]
[WhiteElo "2050"]
[BlackElo "2285"]
[PlyCount "72"]

1. e4 e6 2. d4 d5 3. Nc3 Bb4 4. Qg4 Nf6 5. Qxg7 Rg8 6. Qh6 dxe4 7. Nge2 b6 8.
Bg5 Nbd7 9. Ng3 Bb7 10. Bb5 Rg6 11. Qh4 c6 12. Be2 c5 13. Rd1 h6 14. Bxh6 cxd4
15. Rxd4 Bc5 16. Rd2 Bxf2+ 17. Kxf2 Ng4+ 18. Qxg4 Rxg4 19. Bxg4 Qf6+ 20. Ke2
Qxh6 21. Ncxe4 Ba6+ 22. Kf2 Ne5 23. Be2 Qf4+ 24. Ke1 Bxe2 25. Kxe2 Nc4 26. Rd3
f5 27. Nf6+ Kf8 28. Ngh5 Qe5+ 29. Kf2 Qc5+ 30. Kg3 Qc7+ 31. Kh3 Ne5 32. Re3 Kf7
33. Rhe1 Ng4 34. Rg3 Rh8 35. Re2 Qd6 36. Kh4 Nxf6 0-1

[Event "?"]
[Site "?"]
[Date "1997.08.11"]
[Round "3"]
[White "Kretz, Johan"]
[Black "Franz, Karsten"]
[Result "0-1"]
[WhiteElo "2195"]
[BlackElo "2225"]
[PlyCount "78"]

1. d4 g6 2. c4 Bg7 3. Nc3 d6 4. e4 Nc6 5. d5 Nd4 6. Nge2 e5 7. Be3 Nxe2 8. Bxe2
f5 9. O-O f4 10. Bd2 Nf6 11. b4 O-O 12. c5 Rf7 13. Qc2 g5 14. Rac1 Bf8 15. Nb5
g4 16. cxd6 Bxd6 17. Kh1 Rg7 18. Qd3 Nh5 19. Rg1 g3 20. Qf3 Bg4 21. Qxg4 Rxg4
22. Bxg4 Qh4 23. Bh3 gxf2 24. Rgf1 Kh8 25. Nxd6 cxd6 26. Rc3 Nf6 27. Bf5 Qg5
28. Rxf2 Qh5 29. Rcf3 Ng4 30. Bxg4 Qxg4 31. h3 Qg6 32. Bc3 Rc8 33. Bb2 Kg8 34.
g3 Qxe4 35. gxf4 Rc2 36. Rxc2 Qxc2 37. Bc3 exf4 38. a3 Qe2 39. Rxf4 Qd1+ 0-1

[Event "?"]
[Site "?"]
[Date "2017.08.11"]
[Round "3"]
[White "Thoren, Per"]
[Black "Pribyl, Martin"]
[Result "1/2-1/2"]
[WhiteElo "2225"]
[BlackElo "2335"]
[PlyCount "53"]

1. e4 c5 2. Nf3 Nc6 3. d4 cxd4 4. Nxd4 Nf6 5. Nc3 d6 6. Bc4 Qb6 7. Nxc6 bxc6 8.
Qe2 e5 9. b3 d5 10. exd5 Qd4 11. Qe3 Bb4 12. Bd2 Qxe3+ 13. fxe3 Bxc3 14. Bxc3
cxd5 15. Bb5+ Bd7 16. Bxd7+ Nxd7 17. O-O-O Rc8 18. Kb2 Rc5 19. b4 Rc7 20. Rxd5
f6 21. Kb3 Ke7 22. Rhd1 Rb8 23. Be1 Nc5+ 24. Kb2 Na4+ 25. Kb3 Nc5+ 26. Kb2 Na4+
27. Kb3 1/2-1/2

[Event "?"]
[Site "?"]
[Date "1997.08.11"]
[Round "3"]
[White "Schaller, Sven"]
[Black "Andersson, Fredrik"]
[Result "1-0"]
[WhiteElo "2315"]
[BlackElo "2025"]
[PlyCount "105"]

1. c4 e5 2. g3 c5 3. Nc3 Nc6 4. Bg2 g6 5. a3 Bg7 6. Rb1 a5 7. Nf3 Nge7 8. O-O
O-O 9. Ne1 d6 10. Nc2 Rb8 11. b4 Be6 12. bxc5 dxc5 13. d3 b6 14. Ne3 Qd7 15.
Ned5 Bxd5 16. Nxd5 Nxd5 17. Bxd5 Ne7 18. Bg2 h6 19. Bd2 Kh7 20. Qb3 f5 21. Qb5
Qd6 22. Qa6 Rfd8 23. Bxa5 Nc8 24. Bc3 Qc7 25. Qb5 e4 26. Bxg7 Qxg7 27. Rfd1
exd3 28. Rxd3 Nd6 29. Qa4 Qe7 30. Rbd1 Kh8 31. R1d2 Nf7 32. Rd7 Qf6 33. Qa7
Rxd7 34. Rxd7 Rf8 35. Bd5 Kg7 36. h4 Kg8 37. Kg2 Kg7 38. Kf3 Qc3+ 39. e3 Qf6
40. a4 Kg8 41. Qb7 Kg7 42. Qc7 g5 43. Rxf7+ Rxf7 44. Qxf7+ Qxf7 45. Bxf7 Kxf7
46. hxg5 hxg5 47. e4 Kf6 48. exf5 Kxf5 49. g4+ Ke5 50. Ke3 Ke6 51. Ke4 Kf6 52.
Kd5 Ke7 53. Kc6 1-0

[Event "?"]
[Site "?"]
[Date "1997.08.11"]
[Round "3"]
[White "Moberg, Karl Johan"]
[Black "Barth, Norbert"]
[Result "1-0"]
[WhiteElo "2320"]
[BlackElo "2195"]
[PlyCount "119"]

1. e4 e6 2. d4 d5 3. Nd2 c5 4. exd5 Qxd5 5. Ngf3 cxd4 6. Bc4 Qd8 7. O-O Ne7 8.
Nb3 Ng6 9. Nbxd4 a6 10. Re1 Be7 11. a4 O-O 12. c3 Qc7 13. Qb3 Nd7 14. g3 Nde5
15. Nxe5 Nxe5 16. Bf1 Ng6 17. Bg2 Rb8 18. Be3 Bd7 19. a5 Ne5 20. Bf4 Bd6 21.
Rad1 Nc4 22. Bxd6 Nxd6 23. Qb4 Ne8 24. Qb6 Qxb6 25. axb6 Nf6 26. c4 Rfc8 27.
Rc1 Kf8 28. b4 Ng8 29. c5 Ne7 30. f4 Bc6 31. Bxc6 Nxc6 32. Nxc6 Rxc6 33. Red1
Ke7 34. Kf2 Rd8 35. Rxd8 Kxd8 36. Ke3 Rc8 37. Kd4 Kd7 38. Kc4 Rd8 39. b5 axb5+
40. Kxb5 Kc8 41. c6 Rd5+ 42. Rc5 bxc6+ 43. Kxc6 Rd2 44. Kb5+ Kb8 45. Rc7 Rb2+
46. Kc6 Rc2+ 47. Kd6 Rd2+ 48. Ke7 Rxh2 49. Kxf7 Rh3 50. Kxg7 Rxg3+ 51. Kxh7 Rb3
52. Kg7 Rb4 53. Rf7 Rxb6 54. Kf6 Kc8 55. Re7 Rb4 56. Ke5 Kd8 57. Rxe6 Kd7 58.
f5 Rb1 59. Kf6 Rg1 60. Re2 {Black lost on time.} 1-0

[Event "?"]
[Site "?"]
[Date "1997.08.11"]
[Round "3"]
[White "Pribyl, Josef"]
[Black "Welin, Mats"]
[Result "1-0"]
[WhiteElo "2430"]
[BlackElo "2160"]
[PlyCount "31"]

1. c4 Nf6 2. g3 c5 3. Bg2 d5 4. cxd5 Nxd5 5. Nc3 Nc7 6. Nf3 Nc6 7. d3 g6 8. Be3
Ne6 9. Qd2 Ncd4 10. O-O Bg7 11. Bh6 O-O 12. Rfc1 Rb8 13. Nxd4 Nxd4 14. Bxg7
Kxg7 15. Qg5 b6 16. Qe5+ 1-0

[Event "?"]
[Site "?"]
[Date "1997.08.11"]
[Round "3"]
[White "Berg, Klaus"]
[Black "Hiebel, Johannes"]
[Result "1/2-1/2"]
[WhiteElo "2410"]
[BlackElo "2305"]
[PlyCount "36"]

1. d4 Nf6 2. Nf3 e6 3. e3 c5 4. c4 cxd4 5. exd4 Bb4+ 6. Nc3 O-O 7. Bd3 d5 8.
cxd5 exd5 9. Ne5 Nc6 10. O-O h6 11. Nxc6 bxc6 12. Bf4 Re8 13. Rc1 Ne4 14. Re1
Bf5 15. f3 Nxc3 16. bxc3 Rxe1+ 17. Qxe1 Bxd3 18. cxb4 Qf6 1/2-1/2

[Event "?"]
[Site "?"]
[Date "1997.08.12"]
[Round "4"]
[White "Akesson, Joel"]
[Black "Forchert, Martin"]
[Result "1-0"]
[WhiteElo "2215"]
[BlackElo "2340"]
[PlyCount "53"]

1. d4 d5 2. c4 c6 3. Nc3 Nf6 4. e3 g6 5. Nf3 Bg7 6. Be2 O-O 7. O-O Be6 8. cxd5
Nxd5 9. e4 Nb6 10. Be3 a5 11. Rc1 a4 12. Qd2 Nc4 13. Bxc4 Bxc4 14. Rfd1 Qa5 15.
Bh6 Bxh6 16. Qxh6 f6 17. d5 Na6 18. Rd4 cxd5 19. exd5 b5 20. Nh4 g5 21. Nf5 Rf7
22. h4 e6 23. dxe6 Bxe6 24. Nd6 Qb6 25. Rcd1 Rg7 26. Qxf6 Nc7 27. Nf5 1-0

[Event "?"]
[Site "?"]
[Date "1997.08.12"]
[Round "4"]
[White "Pribyl, Martin"]
[Black "Lahlum, Hans Olav"]
[Result "1-0"]
[WhiteElo "2355"]
[BlackElo "2230"]
[PlyCount "63"]

1. Nf3 d5 2. c4 c6 3. b3 Bg4 4. Bb2 Nd7 5. Nc3 Ngf6 6. Rc1 e6 7. e3 Bd6 8. h3
Bh5 9. Be2 O-O 10. O-O Qe7 11. cxd5 exd5 12. Nd4 Bxe2 13. Qxe2 g6 14. d3 Rae8
15. Rce1 a6 16. f4 Bc5 17. Nb1 Bb4 18. Nd2 Nh5 19. Rf2 f5 20. g4 Ng7 21. Rg2
Bc5 22. Qf2 Bb6 23. N2f3 c5 24. Nc2 Bc7 25. Kh1 Ba5 26. Reg1 Bd8 27. Ng5 fxg4
28. hxg4 Qd6 29. Qh4 h5 30. gxh5 Nxh5 31. Qxh5 gxh5 32. Ne4+ 1-0

[Event "?"]
[Site "?"]
[Date "1997.08.12"]
[Round "4"]
[White "Feiff, Terry"]
[Black "Thoren, Per"]
[Result "1/2-1/2"]
[WhiteElo "2195"]
[BlackElo "2225"]
[PlyCount "47"]

1. e4 e5 2. Nc3 Nf6 3. Nf3 Nc6 4. Bb5 Nd4 5. Nxd4 exd4 6. e5 dxc3 7. exf6 Qxf6
8. dxc3 Bc5 9. Qe2+ Qe6 10. Bc4 Qxe2+ 11. Kxe2 O-O 12. Re1 Re8+ 13. Kf1 Rxe1+
14. Kxe1 c6 15. Bd2 d5 16. Bd3 Bd7 17. Kf1 Bd6 18. h3 c5 19. c4 dxc4 20. Bxc4
Bc6 21. Be3 Be7 22. Rd1 b6 23. c3 Rd8 24. Rxd8+ 1/2-1/2

[Event "?"]
[Site "?"]
[Date "1997.08.12"]
[Round "4"]
[White "Barth, Norbert"]
[Black "Ask, Josef"]
[Result "1-0"]
[WhiteElo "2195"]
[BlackElo "2050"]
[PlyCount "115"]

1. e4 e5 2. Nf3 d6 3. d4 exd4 4. Nxd4 g6 5. Nc3 Bg7 6. Be2 Nc6 7. Nxc6 bxc6 8.
O-O Rb8 9. Qd3 Ne7 10. b3 f5 11. Bb2 fxe4 12. Qxe4 O-O 13. Na4 Bf5 14. Qc4+ Kh8
15. Bxg7+ Kxg7 16. Rad1 Nd5 17. Bf3 Be6 18. Qd4+ Kg8 19. Bxd5 cxd5 20. Qxa7 c5
21. Qa6 Qd7 22. Qd3 Rb4 23. Nc3 Rf5 24. Ne2 Rh4 25. Ng3 Rf6 26. Rfe1 g5 27. Qe3
Qg7 28. a4 Qh6 29. Nf1 Rhf4 30. f3 d4 31. Qd2 g4 32. g3 Rxf3 33. Qxh6 Rxh6 34.
Re2 Rhf6 35. Nd2 d3 36. Rxe6 dxc2 37. Rc1 Rxe6 38. Nxf3 gxf3 39. Rxc2 Re1+ 40.
Kf2 Rb1 41. Rc3 Rb2+ 42. Kxf3 Rxh2 43. Ke4 Rh5 44. Kd3 Kf7 45. Kc4 Ke6 46. Kb5
Kd7 47. Kb6 Rg5 48. a5 Rg4 49. Rc4 Rxg3 50. b4 cxb4 51. a6 Rc3 52. a7 Ra3 53.
Rxb4 d5 54. Kb7 Kd6 55. Rb6+ Kc5 56. Ra6 Rb3+ 57. Kc7 Rg3 58. Ra5+ 1-0

[Event "?"]
[Site "?"]
[Date "1997.08.12"]
[Round "4"]
[White "Czerwonski, Alexander"]
[Black "Karason, Askell"]
[Result "1-0"]
[WhiteElo "2405"]
[BlackElo "2305"]
[PlyCount "117"]

1. d4 Nf6 2. c4 e6 3. Nf3 Bb4+ 4. Nbd2 b6 5. a3 Bxd2+ 6. Bxd2 Bb7 7. Bg5 h6 8.
Bh4 d6 9. e3 Nbd7 10. Qc2 g5 11. Bg3 Ne4 12. Bd3 Nxg3 13. hxg3 g4 14. Nh4 Qg5
15. Be4 c6 16. O-O O-O 17. Rfd1 Nf6 18. Bd3 c5 19. d5 exd5 20. cxd5 Rad8 21. e4
Bc8 22. Kh2 Nd7 23. Qa4 Qf6 24. Rd2 Ne5 25. Ba6 Bd7 26. Bb5 Bxb5 27. Qxb5 c4
28. Nf5 Rc8 29. Qb4 c3 30. bxc3 Rfd8 31. Rd4 Rc5 32. Re1 h5 33. Re3 Rdc8 34.
Qa4 R5c7 35. Qb4 Rc5 36. Qa4 R5c7 37. Qa6 Ng6 38. a4 h4 39. Qe2 Rxc3 40. Rxc3
Rxc3 41. gxh4 Nxh4 42. Qxg4+ Ng6 43. g3 Kf8 44. Kg2 Rc2 45. Qd1 Rc5 46. Qd2 Ne7
47. Ne3 Qh6 48. Qe2 Rc1 49. Rd1 Rc3 50. Qd2 Qf6 51. Rc1 Rxc1 52. Qxc1 Qd4 53.
Qc2 a6 54. Kf3 b5 55. a5 Qa1 56. Qc7 Qh1+ 57. Ke2 Qxe4 58. Qxd6 b4 59. f3 1-0